logo

Bir Sreshtho Munshi Abdur Rouf Library
Jhenaidah Cadet College

Land-reclamation in Italy : (Record no. 8605)

MARC details
000 -LEADER
fixed length control field 00836cam a2200265u 4500
001 - CONTROL NUMBER
JCCL Control Number 8605
003 - CONTROL NUMBER IDENTIFIER
JCCL marc code BD-JhCC
005 - DATE AND TIME OF LATEST TRANSACTION
control field 20180924122538.0
008 - FIXED-LENGTH DATA ELEMENTS--GENERAL INFORMATION
fixed length control field 821108s1936 enkcf 000 0 eng
035 ## - SYSTEM CONTROL NUMBER
system control number (BD-JhCC)8605
040 ## - CATALOGING SOURCE
Original cataloging agency DLC
Transcribing agency CarP
Modifying agency DLC
041 ## - LANGUAGE CODE
Language code of Book eng
050 00 - LIBRARY OF CONGRESS CALL NUMBER
Classification number HD1970
Item number .L62
082 ## - DEWEY DECIMAL CLASSIFICATION NUMBER
Classification number 631.60945
Author mark and Year LON 1936
100 1# - MAIN ENTRY--PERSONAL NAME
Personal name Longobardi, Cesare,
Dates associated with a name 1882- [from old catalog]
245 10 - TITLE STATEMENT
Title Land-reclamation in Italy :
Remainder of title rural revival in the building of a nation /
Statement of responsibility, etc Cesare Longobardi,
260 ## - PUBLICATION, DISTRIBUTION, ETC. (IMPRINT)
Place of publication, distribution, etc London,
Name of publisher, distributor, etc P. S. King & son, ltd.,
Date of publication, distribution, etc 1936.
300 ## - PHYSICAL DESCRIPTION
Pagination xii, 243 p.
Other physical details front. plates, ports.
Dimensions 23 cm.
650 #0 - SUBJECT ADDED ENTRY--TOPICAL TERM
Topical term or geographic name as entry element Reclamation of land
Geographic subdivision Italy.
650 #0 - SUBJECT ADDED ENTRY--TOPICAL TERM
Topical term or geographic name as entry element Public works
Geographic subdivision Italy.
650 #0 - SUBJECT ADDED ENTRY--TOPICAL TERM
Topical term or geographic name as entry element Agriculture
Geographic subdivision Italy.
700 1# - ADDED ENTRY--PERSONAL NAME
Personal name Agresti, Olivia Rossetti, [from old catalog]
942 ## - ADDED ENTRY ELEMENTS (KOHA)
Source of classification or shelving scheme Dewey Decimal Classification
Koha item type Books
Holdings
Source of classification or shelving scheme Damaged status Not for loan Home library Current library Shelving location Date of accession Total Checkouts Full call number Barcode Date last seen Copy number Koha item type
Dewey Decimal Classification     JCC Rouf Library JCC Rouf Library General Stacks 02/28/2018   631.60945 LON 1936 11283 02/28/2018 C - 1 Books

JCC Library | Contacts | JCC Home

Last Update on 23 September 2017
Copyright @ 2017-2020 JCC Rouf Library
Rouf Library, Jhenidah Cadet College (JCC), Bangladesh